Метод теплового расчета газовых холодильников; Материалы по расчетам аппаратуры и процессов химической промышленности

Бібліографічні деталі
Parent link:Материалы по расчетам аппаратуры и процессов химической промышленности.— 1933.— С. 99-109
Автор: Стабников В. Н.
Мова:Російська
Опубліковано: 1933
Предмети:
Формат: MixedMaterials Частина з книги
KOHA link:https://koha.lib.tpu.ru/cgi-bin/koha/opac-detail.pl?biblionumber=593600

MARC

LEADER 00000naa0a2200000 4500
001 593600
005 20250609103144.0
035 |a (RuTPU)RU\TPU\tpu\7152 
090 |a 593600 
100 |a 20011210d1933 k||y0rusy50 ca 
101 0 |a rus 
102 |a RU 
200 1 |a Метод теплового расчета газовых холодильников  |f В. Н. Стабников 
463 |t Материалы по расчетам аппаратуры и процессов химической промышленности  |v С. 99-109  |d 1933 
610 1 |a химическая промышленность 
610 1 |a труды учёных ТПУ 
700 1 |a Стабников  |b В. Н. 
801 0 |a RU  |b 63413507  |c 20011210  |g PSBO 
801 2 |a RU  |b 63413507  |c 20090407  |g PSBO 
850 |a 63413507 
942 |c BK